[Event "Women's Speed Chess Q2"]
[Site "chess.com INT"]
[Date "2020.06.19"]
[Round "9"]
[White "Sihite, Chelsie Monica Ignesias"]
[Black "Vaishali, R"]
[Result "0-1"]
[WhiteTitle "WIM"]
[BlackTitle "WGM"]
[WhiteElo "2252"]
[BlackElo "2393"]
[WhiteFideId "7101198"]
[BlackFideId "5091756"]
[EventDate "2020.06.19"]

1. c4 e5 2. Nc3 Nf6 3. g3 d5 4. cxd5 Nxd5 5. Bg2 Nxc3 6. bxc3 Bc5 7. Nf3 Nc6 8.
O-O O-O 9. d3 h6 10. Rb1 Bb6 11. Nd2 Bf5 12. Nc4 Re8 13. a4 Rb8 14. Ba3 Qd7 15.
Qc1 Bh3 16. Ne3 Bxg2 17. Kxg2 Ne7 18. c4 c6 19. c5 Bc7 20. Nc4 Nf5 21. Bb2 Re6
22. Ne3 Nd4 23. Re1 Rg6 24. Qc4 Kh7 25. Bxd4 exd4 26. Nc2 Be5 27. e3 dxe3 28.
Rxe3 Re6 29. Rbe1 Rbe8 30. f4 Bf6 31. Re4 Kg8 32. f5 Rxe4 33. Rxe4 Rd8 34. Rd4
Bxd4 0-1

[Event "Women's Speed Chess Q2"]
[Site "chess.com INT"]
[Date "2020.06.19"]
[Round "9"]
[White "Nandhidhaa, P V"]
[Black "Tania, Sachdev"]
[Result "1-0"]
[WhiteTitle "WGM"]
[BlackTitle "IM"]
[WhiteElo "2365"]
[BlackElo "2392"]
[WhiteFideId "5050847"]
[BlackFideId "5007844"]
[EventDate "2020.06.19"]

1. e4 e5 2. Nf3 Nc6 3. Nc3 Nf6 4. Bb5 Bb4 5. O-O O-O 6. d3 Bxc3 7. bxc3 d6 8.
Bg5 Ne7 9. Nh4 c6 10. Ba4 Ng6 11. Nxg6 fxg6 12. Bb3+ Kh8 13. f4 Bg4 14. Qd2 h6
15. Bxf6 Qxf6 16. f5 gxf5 17. h3 Bh5 18. Rxf5 Qh4 19. Raf1 Rxf5 20. exf5 Rf8 21.
d4 e4 22. Be6 d5 23. c4 Bf7 24. cxd5 cxd5 25. Qb4 Qd8 26. Qxb7 Bxe6 27. fxe6
Rxf1+ 28. Kxf1 Qf6+ 29. Ke2 Qxe6 30. Qxa7 Qg6 31. g4 Qf7 32. Qxf7 1-0

[Event "Women's Speed Chess Q2"]
[Site "chess.com INT"]
[Date "2020.06.19"]
[Round "9"]
[White "Rovira Contreras, Tairu Manuela"]
[Black "Chen, Yining"]
[Result "1-0"]
[WhiteTitle "WIM"]
[BlackTitle "WCM"]
[WhiteElo "2058"]
[BlackElo "1745"]
[WhiteFideId "3900533"]
[BlackFideId "8620946"]
[EventDate "2020.06.19"]

1. d4 Nf6 2. c4 e6 3. Nc3 Bb4 4. Qc2 O-O 5. e3 Bxc3+ 6. Qxc3 b6 7. Nf3 Bb7 8.
Be2 d6 9. O-O Nbd7 10. b4 Ne4 11. Qc2 Qe7 12. Bb2 c5 13. a3 f5 14. Ne1 a5 15. f3
Nef6 16. bxc5 bxc5 17. Bd3 g6 18. Bc3 e5 19. dxe5 Nxe5 20. Be2 Nc6 21. Qd2 Rad8
22. Rb1 a4 23. Nc2 Ba8 24. Rfe1 d5 25. cxd5 Nxd5 26. Bc4 Qf7 27. e4 fxe4 28.
fxe4 Nce7 29. exd5 Bxd5 30. Rf1 Bxc4 31. Rxf7 Rxd2 32. Rxf8+ Kxf8 33. Bxd2 Bd3
34. Rc1 c4 35. Nb4 Nc8 36. Nxd3 cxd3 37. Rc3 1-0

[Event "Women's Speed Chess Q2"]
[Site "chess.com INT"]
[Date "2020.06.19"]
[Round "9"]
[White "Yakimova, Mariya"]
[Black "Gomez Barrera, Javiera Belen"]
[Result "0-1"]
[WhiteTitle "WFM"]
[BlackTitle "WIM"]
[WhiteElo "2269"]
[BlackElo "2083"]
[WhiteFideId "34188859"]
[BlackFideId "3418723"]
[EventDate "2020.06.19"]

1. d4 Nf6 2. c4 g6 3. Nf3 Bg7 4. g3 O-O 5. Bg2 d6 6. O-O Nc6 7. Nc3 e5 8. d5 Nb8
9. e4 a5 10. Ne1 Na6 11. Nd3 Nd7 12. Be3 f5 13. Qc2 b6 14. Rae1 Ndc5 15. f4 Nb4
16. Nxb4 axb4 17. Nd1 Nxe4 18. Bxe4 fxe4 19. fxe5 Bxe5 20. Bh6 Rxf1+ 21. Rxf1
Bh3 22. Rf2 Qe7 23. Qxe4 Bf5 24. Qe2 Re8 25. g4 Bxh2+ 26. Rxh2 Qxe2 27. Rxe2
Rxe2 28. gxf5 Re1+ 29. Kf2 Rxd1 30. f6 Kf7 31. Bg7 Rd2+ 0-1

[Event "Women's Speed Chess Q2"]
[Site "chess.com INT"]
[Date "2020.06.19"]
[Round "9"]
[White "Zhuravleva, Olga"]
[Black "Cagara, Paulina"]
[Result "1-0"]
[WhiteTitle "WIM"]
[WhiteElo "2278"]
[BlackElo "2054"]
[WhiteFideId "4145933"]
[BlackFideId "1124870"]
[EventDate "2020.06.19"]

1. e4 c6 2. Nf3 d5 3. Nc3 Bg4 4. h3 Bxf3 5. Qxf3 e6 6. a3 Nd7 7. d3 Ngf6 8. g3
dxe4 9. dxe4 Bc5 10. Bg2 O-O 11. O-O Ne5 12. Qe2 a5 13. Bf4 Ng6 14. Bg5 e5 15.
Rad1 Qe7 16. Kh1 h6 17. Bc1 Rfd8 18. Rxd8+ Rxd8 19. Rd1 Rd4 20. Be3 Rxd1+ 21.
Nxd1 Nd7 22. Bd2 Bb6 23. Ne3 Qc5 24. Kg1 Ne7 25. Bc3 f6 26. Bf3 Ba7 27. Kg2 b5
28. Bxa5 Qd6 29. Bb4 c5 30. Bc3 Nb6 31. b3 b4 32. axb4 cxb4 33. Bb2 Nc6 34. Qb5
Nd7 35. Nf5 Qc7 36. Qxc6 Qxc6 37. Ne7+ Kf7 38. Nxc6 Nb6 39. Nxa7 1-0

[Event "Women's Speed Chess Q2"]
[Site "chess.com INT"]
[Date "2020.06.19"]
[Round "9"]
[White "Sviridova, Vlada"]
[Black "Fominykh, Maria"]
[Result "1/2-1/2"]
[WhiteTitle "WFM"]
[BlackTitle "WGM"]
[WhiteElo "2144"]
[BlackElo "2206"]
[WhiteFideId "24109606"]
[BlackFideId "4142411"]
[EventDate "2020.06.19"]

1. d4 d6 2. Nf3 Nf6 3. c4 g6 4. Nc3 Bg7 5. e4 O-O 6. Be2 e5 7. O-O Nc6 8. d5 Ne7
9. Ne1 Nd7 10. Be3 f5 11. f3 f4 12. Bf2 g5 13. Nd3 Rf7 14. c5 a6 15. Rc1 Bf8 16.
b4 Nf6 17. a4 Rg7 18. g4 fxg3 19. hxg3 h5 20. Kg2 h4 21. g4 Ng6 22. Rh1 a5 23.
cxd6 Bxd6 24. b5 b6 25. Be3 Nd7 26. Qd2 Nf4+ 27. Nxf4 gxf4 28. Bf2 Rh7 29. Rh3
Nf8 30. Rch1 Ng6 31. Nd1 Kg7 32. Nb2 Bb4 33. Qc2 Bb7 34. Nd3 Bd6 35. Qb2 Qf6 36.
Be1 Rah8 37. Bc3 Kf7 38. Qb3 Qg5 39. Nb2 Bc8 40. Nc4 Qe7 41. Nxd6+ Qxd6 42. Qb2
Bd7 43. Qa1 Bc8 44. Qb2 Bd7 45. Qa1 Bc8 46. Qb2 1/2-1/2

[Event "Women's Speed Chess Q2"]
[Site "chess.com INT"]
[Date "2020.06.19"]
[Round "9"]
[White "Antolak, Julia"]
[Black "Vijayalakshmi, Subbaraman"]
[Result "1-0"]
[WhiteTitle "WIM"]
[BlackTitle "IM"]
[WhiteElo "2323"]
[BlackElo "2332"]
[WhiteFideId "1159569"]
[BlackFideId "5004098"]
[EventDate "2020.06.19"]

1. e4 e5 2. Nf3 Nc6 3. Bb5 a6 4. Ba4 Nf6 5. O-O Be7 6. Re1 b5 7. Bb3 d6 8. c3
Na5 9. Bc2 c5 10. h3 Qc7 11. d4 Bd7 12. Nbd2 cxd4 13. cxd4 Rc8 14. Bd3 O-O 15.
Nf1 Nc6 16. b3 Nb4 17. Bb2 Nxd3 18. Qxd3 exd4 19. Bxd4 Be6 20. Ne3 Nd7 21. Qd2
Ne5 22. Nxe5 dxe5 23. Bb2 Rfd8 24. Qe2 f6 25. Rac1 Qa5 26. Rxc8 Rxc8 27. Ba1 Bf8
28. Nd5 Qa3 29. Qd2 Kh8 30. Rd1 Qc5 31. Ne3 Bf7 32. Bb2 Bh5 33. Rc1 Qxc1+ 34.
Bxc1 Be8 35. Bb2 Be7 36. Nd5 Bf8 37. Bc3 Bc5 38. Bb4 Bd4 39. Kh2 Bg6 40. f3 h6
41. a4 Be8 42. axb5 Bxb5 43. Ne7 Rc7 44. Nf5 Rd7 45. Nxd4 Rd5 46. exd5 1-0

[Event "Women's Speed Chess Q2"]
[Site "chess.com INT"]
[Date "2020.06.19"]
[Round "9"]
[White "Kabanova, Ekaterina"]
[Black "De Seroux, Camille"]
[Result "1-0"]
[WhiteTitle "WFM"]
[BlackTitle "WIM"]
[WhiteElo "2138"]
[BlackElo "2137"]
[WhiteFideId "24112917"]
[BlackFideId "1305620"]
[EventDate "2020.06.19"]

1. c4 Nf6 2. Nf3 g6 3. Nc3 Bg7 4. d4 O-O 5. e4 d6 6. h3 c5 7. d5 e6 8. Be2 exd5
9. exd5 a6 10. a4 Nbd7 11. O-O Ne8 12. Bg5 Bf6 13. Bf4 Ne5 14. Ne4 Bg7 15. Nxe5
dxe5 16. Bg5 f6 17. Be3 b6 18. a5 Nd6 19. Nxd6 Qxd6 20. axb6 Qxb6 21. Rb1 a5 22.
b3 f5 23. Bg5 Re8 24. d6 Bd7 25. Qd5+ Kh8 26. Qd2 e4 27. Rfd1 Ra7 28. Be7 Be6
29. h4 Rd7 30. Qg5 Qb7 31. h5 Bf7 32. h6 Be5 33. Bf6+ Kg8 34. Bxe5 Rxe5 35. Qf6
Be8 36. Qxe5 Qb8 37. Qxc5 1-0

[Event "Women's Speed Chess Q2"]
[Site "chess.com INT"]
[Date "2020.06.19"]
[Round "9"]
[White "Muminova, Nafisa"]
[Black "Nguyen, Thi Mai Hung"]
[Result "1-0"]
[WhiteTitle "WGM"]
[BlackTitle "WGM"]
[WhiteElo "2274"]
[BlackElo "2258"]
[WhiteFideId "14201526"]
[BlackFideId "12401676"]
[EventDate "2020.06.19"]

1. d4 d5 2. Nc3 Nf6 3. Bf4 c6 4. f3 Bf5 5. g4 Bg6 6. h4 h6 7. e3 e6 8. Bd3 Bxd3
9. Qxd3 Nbd7 10. O-O-O Be7 11. Nge2 Qa5 12. g5 hxg5 13. hxg5 Nh5 14. g6 O-O-O
15. gxf7 Rdf8 16. Qg6 Ndf6 17. Bg5 Qc7 18. Bxf6 Rh6 19. Qg4 Nxf6 20. Qxe6+ Qd7
21. Qxd7+ Nxd7 22. Rxh6 gxh6 23. Rh1 Rxf7 24. f4 Bf8 25. Ng3 Nf6 26. Kd2 Ng4 27.
Rh4 Nf2 28. Ke2 Ne4 29. Ncxe4 dxe4 30. Nxe4 Re7 31. f5 Kc7 32. Kd3 Rf7 33. f6 b6
34. c4 Kd7 35. d5 cxd5 36. cxd5 Bd6 37. Rxh6 Be5 38. Rg6 Bxb2 39. Ke2 a5 40. Kf3
a4 41. Kf4 b5 42. Kf5 b4 43. Nc5+ Kd6 44. Nxa4 Ba1 45. Nb6 Kc5 46. Ke6 Rb7 47.
Nd7+ Kc4 48. f7 1-0

[Event "Women's Speed Chess Q2"]
[Site "chess.com INT"]
[Date "2020.06.19"]
[Round "9"]
[White "Vittal, Sanjana"]
[Black "Castillo Pena, Patricia Evarista"]
[Result "1-0"]
[WhiteTitle "WFM"]
[BlackTitle "WCM"]
[WhiteElo "1961"]
[BlackElo "1770"]
[WhiteFideId "2097486"]
[BlackFideId "6412106"]
[EventDate "2020.06.19"]

1. e4 c5 2. Nc3 d6 3. f4 Nc6 4. Bb5 Bd7 5. Nf3 a6 6. Bxc6 Bxc6 7. O-O e6 8. d3
Nf6 9. Qe1 Be7 10. Qg3 g6 11. Kh1 Qc7 12. e5 Nd5 13. Ne4 O-O-O 14. Bd2 Rdf8 15.
a3 f6 16. exd6 Bxd6 17. c4 Ne7 18. b4 Nf5 19. Qf2 Bxe4 20. dxe4 Ne7 21. Be3 Bxf4
22. Bxc5 Bd6 23. Bxd6 Qxd6 24. Rfd1 Qc7 25. Nd4 Qe5 26. b5 a5 27. Nb3 h5 28.
Nxa5 g5 29. Qa7 Qc7 30. c5 h4 31. c6 b6 32. Nb7 f5 33. Nd6+ Kd8 34. Qa8+ Nc8 35.
Nxc8+ Ke8 36. Nxb6+ 1-0

[Event "Women's Speed Chess Q2"]
[Site "chess.com INT"]
[Date "2020.06.19"]
[Round "9"]
[White "Thipsay, Bagyashree Sathe"]
[Black "Berdychevskaya, Natasha"]
[Result "1-0"]
[WhiteTitle "WIM"]
[BlackTitle "WFM"]
[WhiteElo "2072"]
[BlackElo "2208"]
[WhiteFideId "5001013"]
[BlackFideId "4159322"]
[EventDate "2020.06.19"]

1. e4 e5 2. Nf3 Nf6 3. d4 Nxe4 4. Bd3 Nc6 5. dxe5 Nc5 6. O-O Be7 7. Be2 O-O 8.
Be3 Ne6 9. Nc3 d6 10. exd6 Bxd6 11. Ne4 Bf4 12. Qc1 Ncd4 13. Nxd4 Nxd4 14. Bd3
Be5 15. Rd1 c5 16. c3 Qh4 17. g3 Nf3+ 18. Kg2 Qxh2+ 19. Kxf3 f5 20. Ke2 fxe4 21.
Bxe4 Bg4+ 22. Kd2 Bxd1 23. Qxd1 Rad8+ 24. Bd3 c4 25. Qg4 Rxd3+ 26. Kc2 Bxg3 27.
Qxc4+ 1-0

[Event "Women's Speed Chess Q2"]
[Site "chess.com INT"]
[Date "2020.06.19"]
[Round "9"]
[White "Bulmaga, Irina"]
[Black "Maltsevskaya, Aleksandra"]
[Result "1/2-1/2"]
[WhiteTitle "IM"]
[BlackTitle "WGM"]
[WhiteElo "2440"]
[BlackElo "2272"]
[WhiteFideId "13903063"]
[BlackFideId "24174041"]
[EventDate "2020.06.19"]

1. e4 c5 2. Nf3 e6 3. d4 cxd4 4. Nxd4 Nf6 5. Nc3 Nc6 6. a3 d5 7. Bb5 Bd7 8. exd5
exd5 9. O-O Be7 10. Nf3 Bg4 11. h3 Bh5 12. Bg5 O-O 13. Bxf6 Bxf6 14. Be2 d4 15.
Ne4 Re8 16. Ng3 Bg6 17. Bd3 Qb6 18. Rb1 a5 19. Bxg6 hxg6 20. Re1 Qb5 21. Ne4 Qd5
22. Qd3 Re6 23. Rbd1 Rae8 24. Nxf6+ gxf6 25. Rxe6 Rxe6 26. c3 Qb3 27. cxd4 Qxb2
28. Rb1 Qa2 29. Rxb7 Re2 30. Qb3 Rxf2 31. Qxa2 Rxa2 32. d5 Ne5 33. d6 Nxf3+ 34.
gxf3 Kg7 35. d7 Rd2 36. Ra7 f5 37. Rxa5 Rxd7 38. Kf2 1/2-1/2

[Event "Women's Speed Chess Q2"]
[Site "chess.com INT"]
[Date "2020.06.19"]
[Round "9"]
[White "Sedina, Elena"]
[Black "Voit, Daria"]
[Result "0-1"]
[WhiteTitle "IM"]
[BlackTitle "WGM"]
[WhiteElo "2299"]
[BlackElo "2343"]
[WhiteFideId "812153"]
[BlackFideId "4182146"]
[EventDate "2020.06.19"]

1. e4 e6 2. d4 d5 3. e5 c5 4. c3 Nc6 5. Nf3 Qb6 6. Be2 cxd4 7. cxd4 Nge7 8. Nc3
Nf5 9. Na4 Qa5+ 10. Bd2 Bb4 11. Bc3 b5 12. a3 Bxc3+ 13. Nxc3 b4 14. axb4 Qxb4
15. Bb5 Bd7 16. Bxc6 Bxc6 17. O-O O-O 18. Qd3 Rfb8 19. g4 Ne7 20. Ng5 Ng6 21. f4
h6 22. Nxe6 fxe6 23. Qxg6 Qxd4+ 24. Kh1 Re8 25. Ra6 Bb7 26. Rxe6 Rxe6 27. Qxe6+
Kh8 28. Qe7 Qb6 29. Ne2 d4+ 30. Kg1 d3+ 31. Rf2 dxe2 0-1

[Event "Women's Speed Chess Q2"]
[Site "chess.com INT"]
[Date "2020.06.19"]
[Round "9"]
[White "Sukandar, Irine Kharisma"]
[Black "Bartel, Marta"]
[Result "1-0"]
[WhiteTitle "IM"]
[BlackTitle "WGM"]
[WhiteElo "2413"]
[BlackElo "2192"]
[WhiteFideId "7101937"]
[BlackFideId "1123009"]
[EventDate "2020.06.19"]

1. d4 d5 2. Bf4 Nf6 3. e3 g6 4. Nc3 Bg7 5. h4 h6 6. Nb5 Na6 7. Be2 O-O 8. Nf3
Ne4 9. Ne5 c6 10. Nc3 Nxc3 11. bxc3 Nc7 12. Bd3 Ne6 13. Bg3 c5 14. O-O c4 15.
Be2 Qa5 16. Qd2 Rd8 17. e4 dxe4 18. Nxc4 Qa4 19. Be5 b5 20. Bxg7 Kxg7 21. Ne3
Bb7 22. h5 Ng5 23. hxg6 fxg6 24. Ng4 Rf8 25. Rab1 a6 26. c4 Rad8 27. Qc3 Bc8 28.
d5+ Kh7 29. Ne5 bxc4 30. Bxc4 Bf5 31. Rb6 Rc8 32. Rc6 Rxc6 33. Nxc6 Rc8 34. Bb3
Qb5 35. Qe5 Rxc6 36. Qxe7+ Kh8 37. dxc6 1-0

[Event "Women's Speed Chess Q2"]
[Site "chess.com INT"]
[Date "2020.06.19"]
[Round "9"]
[White "Franco Valencia, Angela"]
[Black "Eswaran, Ashritha"]
[Result "0-1"]
[WhiteTitle "WIM"]
[BlackTitle "WIM"]
[WhiteElo "2089"]
[BlackElo "2244"]
[WhiteFideId "4403070"]
[BlackFideId "2080788"]
[EventDate "2020.06.19"]

1. e4 c5 2. Nf3 a6 3. g3 g6 4. d4 Bg7 5. Bg2 cxd4 6. Nxd4 Nc6 7. Ne2 e6 8. O-O
Nge7 9. Nbc3 O-O 10. a4 d6 11. Bf4 e5 12. Bg5 h6 13. Be3 Be6 14. h3 Kh7 15. f4
f5 16. Kh2 Qd7 17. Nd5 Rae8 18. Nec3 Nd4 19. fxe5 dxe5 20. Ne2 Nxd5 21. exd5
Bxd5 22. c3 Bb3 23. Qd2 f4 24. cxd4 fxe3 25. Qxe3 exd4 26. Qxb3 Rxe2 27. Rxf8
Bxf8 28. Rf1 Bg7 29. Kh1 d3 30. Rf7 Qd4 31. Rf4 Qe3 32. Rf3 Re1+ 33. Rf1 Rxf1+
34. Bxf1 Qf3+ 35. Bg2 Qe2 36. Qc4 Qe1+ 37. Kh2 d2 38. Bf3 Qf2+ 39. Bg2 d1=Q 0-1

[Event "Women's Speed Chess Q2"]
[Site "chess.com INT"]
[Date "2020.06.19"]
[Round "9"]
[White "Zavivaeva, Emilia"]
[Black "Smietanska, Wiktoria"]
[Result "1-0"]
[WhiteTitle "WCM"]
[BlackTitle "CM"]
[WhiteElo "1735"]
[BlackElo "1593"]
[WhiteFideId "34127531"]
[BlackFideId "21869359"]
[EventDate "2020.06.19"]

1. e4 c5 2. Nf3 g6 3. d4 cxd4 4. Nxd4 Nc6 5. c4 Nf6 6. Nc3 d6 7. Be2 Nxd4 8.
Qxd4 Bg7 9. Qd3 O-O 10. O-O a5 11. f4 Nd7 12. Be3 Nc5 13. Qc2 Bd7 14. Bf3 a4 15.
Rad1 Qc7 16. Kh1 a3 17. b3 Qa5 18. Nd5 Qd8 19. e5 Bf5 20. Qe2 Be4 21. Nxe7+ Qxe7
22. exd6 Qd7 23. Bxc5 Bxf3 24. Qxf3 Rfe8 25. Rfe1 Re6 26. Rxe6 fxe6 27. Re1 e5
28. fxe5 Rf8 29. Qd5+ Kh8 30. e6 1-0

[Event "Women's Speed Chess Q2"]
[Site "chess.com INT"]
[Date "2020.06.19"]
[Round "9"]
[White "Dauletova, Gulmira"]
[Black "Xu, Yuanyuan"]
[Result "1-0"]
[WhiteTitle "WIM"]
[BlackTitle "WGM"]
[WhiteElo "2319"]
[BlackElo "2317"]
[WhiteFideId "13702971"]
[BlackFideId "8601089"]
[EventDate "2020.06.19"]

1. e4 c6 2. d4 d5 3. Nc3 dxe4 4. Nxe4 Bf5 5. Ng3 Bg6 6. h4 h6 7. Nf3 Nd7 8. h5
Bh7 9. Bd3 Bxd3 10. Qxd3 e6 11. Bd2 Ngf6 12. O-O-O Be7 13. Ne4 Nxe4 14. Qxe4 Nf6
15. Qe2 O-O 16. g4 Nxg4 17. Rhg1 f5 18. Ne5 Qd5 19. Kb1 Nxe5 20. dxe5 Qe4 21.
Qxe4 fxe4 22. Bxh6 Rf7 23. Rd7 Kh7 24. Bxg7 Rxg7 25. Rxg7+ Kxg7 26. Rxe7+ Kh6
27. Rxb7 Rg8 28. a4 Rg1+ 29. Ka2 Rg2 30. Rf7 Kxh5 31. Rf4 Kg5 32. Rxe4 Rxf2 33.
Rc4 Kf5 34. Rxc6 Kxe5 35. Rc7 a6 36. b4 Kd6 37. Rc8 e5 38. Kb3 e4 39. Ra8 e3 40.
Rxa6+ Kd5 41. Ra8 e2 42. Re8 1-0

[Event "Women's Speed Chess Q2"]
[Site "chess.com INT"]
[Date "2020.06.19"]
[Round "9"]
[White "Munkhzul, Turmunkh"]
[Black "Batsiashvili, Nino"]
[Result "1-0"]
[WhiteTitle "WIM"]
[BlackTitle "GM"]
[WhiteElo "2278"]
[BlackElo "2457"]
[WhiteFideId "4901878"]
[BlackFideId "13602993"]
[EventDate "2020.06.19"]

1. e4 e5 2. Nf3 Nc6 3. Bb5 a6 4. Ba4 Nf6 5. O-O b5 6. Bb3 Bc5 7. c3 d6 8. d4 Bb6
9. a4 Rb8 10. axb5 axb5 11. Na3 O-O 12. Nxb5 Bg4 13. Be3 exd4 14. cxd4 Re8 15.
h3 Bh5 16. Nc3 Nb4 17. Ba4 c6 18. Qd2 Bxf3 19. gxf3 Nh5 20. Kh2 Bc7 21. d5 Qf6
22. f4 g6 23. Rad1 Re7 24. Qd4 c5 25. Qxf6 Nxf6 26. f3 Nh5 27. Rg1 Bb6 28. b3
Rd8 29. Rd2 f5 30. Bb5 Kg7 31. Bc4 Kf6 32. e5+ dxe5 33. fxe5+ Rxe5 34. Bg5+ Kf7
35. Bxd8 Re3 36. d6+ Ke8 37. Bxb6 Rxc3 38. Bb5+ Kf7 39. d7 Nf4 40. d8=Q Rxf3 41.
Qc7+ Kf6 42. Qd6+ Kg7 43. Qe5+ Kh6 44. Rg3 Rxg3 45. Kxg3 Nh5+ 46. Kf2 Nd5 47.
Rxd5 f4 1-0

[Event "Women's Speed Chess Q2"]
[Site "chess.com INT"]
[Date "2020.06.19"]
[Round "9"]
[White "Yu, Jennifer"]
[Black "Limontaite, Simona"]
[Result "1-0"]
[WhiteTitle "FM"]
[BlackTitle "WIM"]
[WhiteElo "2315"]
[BlackElo "2171"]
[WhiteFideId "2078341"]
[BlackFideId "12802506"]
[EventDate "2020.06.19"]

1. d4 d5 2. c4 e5 3. dxe5 d4 4. Nf3 Nc6 5. a3 Be6 6. e3 Bg4 7. exd4 Bxf3 8. Qxf3
Qxd4 9. Nc3 Qxe5+ 10. Qe3 Bc5 11. Qxe5+ Nxe5 12. Nb5 O-O-O 13. b4 Bd4 14. Nxd4
Rxd4 15. Bb2 Re4+ 16. Kd2 Nf6 17. f3 Rd8+ 18. Kc2 Re3 19. Rd1 Rxd1 20. Kxd1 Ng6
21. Kd2 Re6 22. Bd3 Rd6 23. Kc2 c6 24. Bf5+ Kc7 25. Bxg6 hxg6 26. Be5 Kd7 27.
Bxd6 Kxd6 28. Rd1+ Ke6 29. Kd3 Nd7 30. Re1+ Kd6 31. Kd4 b6 32. g4 c5+ 33. bxc5+
Nxc5 34. f4 Ne6+ 35. Ke4 Nc5+ 36. Kf3 Ne6 37. Re5 Nd4+ 38. Ke4 Nc6 39. Rd5+ Ke6
40. c5 b5 41. Rd6+ 1-0

[Event "Women's Speed Chess Q2"]
[Site "chess.com INT"]
[Date "2020.06.19"]
[Round "9"]
[White "Kashlinskaya, Alina"]
[Black "Pham, Le Thao Nguyen"]
[Result "0-1"]
[WhiteTitle "IM"]
[BlackTitle "IM"]
[WhiteElo "2494"]
[BlackElo "2366"]
[WhiteFideId "4198026"]
[BlackFideId "12401226"]
[EventDate "2020.06.19"]

1. d4 d5 2. c4 c6 3. cxd5 cxd5 4. Bg5 Nc6 5. Nc3 Nf6 6. Bxf6 gxf6 7. e3 e6 8.
Bd3 a6 9. Nf3 b5 10. Rc1 Bb7 11. Nd2 Na5 12. Nb3 Nc4 13. Qe2 Rc8 14. O-O f5 15.
Rc2 Bd6 16. Qh5 Qf6 17. Nd2 Qg6 18. Qh4 Be7 19. Qg3 Qxg3 20. hxg3 Nxb2 21. Rxb2
Rxc3 22. Rb3 Rc7 23. a4 b4 24. a5 Kd7 25. Rd1 Rhc8 26. Rbb1 Rc3 27. Nb3 R8c7 28.
Kf1 Bc6 29. Nc5+ Bxc5 30. dxc5 Rxc5 31. Bxa6 Rxa5 32. Bd3 Rb7 33. Rb2 b3 34.
Rdb1 Ba4 35. Ke2 Kd6 36. Rh1 f6 37. Rxh7 Rxh7 38. f3 Rc7 0-1

[Event "Women's Speed Chess Q2"]
[Site "chess.com INT"]
[Date "2020.06.19"]
[Round "9"]
[White "Shuvalova, Polina"]
[Black "Morris-Suzuki, Sophie"]
[Result "1-0"]
[WhiteTitle "WGM"]
[BlackTitle "WFM"]
[WhiteElo "2454"]
[BlackElo "2043"]
[WhiteFideId "24171760"]
[BlackFideId "30922615"]
[EventDate "2020.06.19"]

1. e4 c5 2. Nf3 e6 3. g3 b6 4. Bg2 Bb7 5. Qe2 d6 6. O-O Nd7 7. Nc3 Qc7 8. d4
cxd4 9. Nxd4 a6 10. a4 Ngf6 11. Re1 Be7 12. Be3 O-O 13. Rad1 Rfe8 14. h3 Nc5 15.
Bc1 Rac8 16. Kh2 Qb8 17. f4 g6 18. b4 Ncd7 19. Bb2 e5 20. Nf3 exf4 21. gxf4 Nh5
22. Qd2 Bf8 23. Nd5 Bxd5 24. exd5 Ndf6 25. Ng5 Rxe1 26. Rxe1 Rc4 27. Bf1 Rxf4
28. Bxa6 Bh6 29. Qg2 Qa8 30. Be2 Rxb4 31. Bc3 Rh4 32. Bxh5 Nxh5 33. Ne4 Bf4+ 34.
Kh1 Qc8 35. Bd4 Rxh3+ 36. Kg1 Bh2+ 37. Kf1 Qf5+ 38. Nf2 Ng3+ 39. Qxg3 h5 40.
Re8+ Kh7 41. Rh8# 1-0

[Event "Women's Speed Chess Q2"]
[Site "chess.com INT"]
[Date "2020.06.19"]
[Round "9"]
[White "Sharmin, Samiha Shimmi"]
[Black "Tsotsonava, Elene"]
[Result "1-0"]
[WhiteTitle "WCM"]
[BlackTitle "WFM"]
[WhiteElo "1812"]
[BlackElo "2012"]
[WhiteFideId "10203087"]
[BlackFideId "13615939"]
[EventDate "2020.06.19"]

1. e4 c5 2. Nf3 e6 3. d4 cxd4 4. Nxd4 Nc6 5. Nc3 Qc7 6. Be3 a6 7. Bd3 Nf6 8. O-O
Bb4 9. Kh1 Bxc3 10. bxc3 d5 11. exd5 Nxd5 12. Bd2 O-O 13. Qh5 Nf6 14. Qh4 Ne5
15. Bg5 Nxd3 16. cxd3 Nd5 17. c4 Nb6 18. Rac1 e5 19. Nf3 Bf5 20. Qg3 f6 21. Be3
Bxd3 22. Rfd1 Rfd8 23. Nh4 Nxc4 24. Bh6 Be2 25. Rxd8+ Rxd8 26. Nf5 g6 27. h4 Qd7
28. Ne3 Nxe3 29. Qxe3 Bb5 30. Qb3+ Kh8 31. Qe3 Kg8 32. h5 Qf5 33. hxg6 hxg6 34.
Rc7 1-0

[Event "Women's Speed Chess Q2"]
[Site "chess.com INT"]
[Date "2020.06.19"]
[Round "9"]
[White "Zakirova, Aisha"]
[Black "Mikheeva, Galina"]
[Result "1/2-1/2"]
[WhiteTitle "WCM"]
[BlackTitle "WFM"]
[WhiteElo "1585"]
[BlackElo "1901"]
[WhiteFideId "13719734"]
[BlackFideId "44108320"]
[EventDate "2020.06.19"]

1. d4 Nf6 2. c4 e6 3. Nf3 d5 4. Nc3 Bb4 5. cxd5 exd5 6. Bg5 h6 7. Bh4 g5 8. Bg3
Ne4 9. Nd2 Nxc3 10. bxc3 Bxc3 11. Rc1 Bxd2+ 12. Qxd2 c6 13. h4 g4 14. e3 Be6 15.
Bd3 Nd7 16. O-O Nf6 17. Qb2 Qb6 18. Qc3 Qd8 19. Rb1 Qe7 20. Be5 Bc8 21. a4 Rg8
22. g3 Ne4 23. Qc2 f5 24. a5 a6 25. Rb6 Kf7 26. Kh2 Kg6 27. f3 gxf3 28. Rxf3 Kh7
29. Rb1 Be6 30. Rbf1 Rg6 31. Qb3 Rag8 32. Rg1 Bc8 33. Qb1 Be6 34. Qb3 Bc8 35.
Qb1 Be6 36. Qb3 1/2-1/2